000 00712nam a2200181 i 4500
001 73756
003 ES-MaACL
005 20230906171920.0
007 t|
008 040910s1978 sp ||||1| spa d
100 0 _aGómez-Tabanera, José Manuel,
_d1926-2011
_958165
245 1 0 _aMonte Bego y el culto al toro en las religiones de la prehistoria del Mediterráneo occidental /
_cJosé Manuel Gómez-Tabanera.
260 _a[Castellón de la Plana :
_bDiputación provincial de Castellón,
_c1978]
300 _a14 h. ;
_c24 cm.
500 _aEs Separata de: Cuadernos de Prehistoria y Arqueología Castellonense, 1978, vol. 5, p. 163-190.
852 _aES-MaACL
_j2121-F-10
_bR.103264
999 _c73756
_d73756